[Event "4NCL Division 4 South"]
[Site "Daventry, ENG"]
[Date "2018.11.17"]
[Round "1.32"]
[White "Clarke, James"]
[Black "Combie, Alex B"]
[Result "0-1"]
[WhiteElo "1675"]
[BlackElo "2020"]
[PlyCount "130"]
[EventDate "2018.11.17"]

1. d4 Nf6 2. c4 g6 3. Nc3 Bg7 4. e4 d6 5. Nf3 O-O 6. Be2 e5 7. Be3 Ng4 8. Bg5
f6 9. Bh4 g5 10. Bg3 Nh6 11. dxe5 dxe5 12. O-O c6 13. h4 g4 14. Nh2 Qxd1 15.
Rfxd1 Na6 16. a3 Nc5 17. b4 Nb3 18. Rab1 Nd4 19. Nf1 Nxe2+ 20. Nxe2 f5 21. exf5
Nxf5 22. Bh2 Nxh4 23. Ne3 h5 24. Ng3 Nf5 25. Nxh5 Nxe3 26. fxe3 Bf5 27. Rb2 Bh8
28. Rbd2 Be6 29. c5 Bb3 30. Rb1 Bf7 31. Ng3 Rfd8 32. Rbd1 Rd5 33. Nf5 Rxd2 34.
Rxd2 Be6 35. e4 a5 36. Rd6 Kf7 37. Bg3 axb4 38. axb4 Bf6 39. Bf2 Ra1+ 40. Kh2
Rb1 41. Nh6+ Ke7 42. Nf5+ Bxf5 43. exf5 Rxb4 44. Re6+ Kf7 45. Bg3 Rd4 46. Bf2
Rf4 47. Kg3 Rxf5 48. Rd6 e4 49. Rd7+ Ke6 50. Rd6+ Ke7 51. Bd4 Bxd4 52. Rxd4
Rxc5 53. Rxe4+ Kd6 54. Kxg4 Kd5 55. Kf4 Rc2 56. Kf3 Rf2+ 57. Kxf2 Kxe4 58. Ke2
Kf4 59. Kd3 Kg3 60. Kd4 Kxg2 61. Kc5 Kf3 62. Kc4 Ke4 63. Kc5 Ke5 64. Kc4 Kd6
65. Kb4 b5 0-1

[Event "4NCL Division 4 South"]
[Site "Daventry, ENG"]
[Date "2018.11.17"]
[Round "1.33"]
[White "Jarvis, Derek A"]
[Black "Sellick, Simon C"]
[Result "1-0"]
[WhiteElo "2035"]
[BlackElo "1519"]
[PlyCount "97"]
[EventDate "2018.11.17"]

1. e4 c5 2. Nf3 d6 3. Bb5+ Bd7 4. Bxd7+ Qxd7 5. O-O Nf6 6. Qe2 Nc6 7. c3 e5 8.
Na3 a6 9. d4 cxd4 10. cxd4 Rc8 11. d5 Na7 12. Nc4 Qc7 13. b3 Be7 14. Bd2 b5 15.
Ba5 Qb7 16. Ncd2 O-O 17. Rfc1 Rxc1+ 18. Rxc1 Rc8 19. Qd1 Rxc1 20. Qxc1 Qc8 21.
Qxc8+ Nxc8 22. Ne1 Nd7 23. Kf1 Nc5 24. Ke2 Nb7 25. Bb4 Bd8 26. Nd3 Bb6 27. Ba3
f6 28. Bb2 Kf7 29. f4 Nc5 30. f5 Ke8 31. Nf2 Kd7 32. g4 Ne7 33. h4 Ng8 34. Nf1
Nh6 35. Kf3 Nf7 36. Ng3 g6 37. Bc1 Ke7 38. g5 fxg5 39. hxg5 gxf5 40. exf5 e4+
41. Ngxe4 Ne5+ 42. Kg3 Nxe4+ 43. Nxe4 Bd8 44. Bf4 Nf7 45. Kg4 Ne5+ 46. Bxe5
dxe5 47. f6+ Kf8 48. Kf5 Bc7 49. d6 1-0

[Event "4NCL Division 4 South"]
[Site "Daventry, ENG"]
[Date "2018.11.17"]
[Round "1.34"]
[White "Cutter, Tim J"]
[Black "Walker, Andrew N"]
[Result "0-1"]
[WhiteElo "1481"]
[BlackElo "1952"]
[PlyCount "48"]
[EventDate "2018.11.17"]

1. e4 e5 2. Nf3 Nc6 3. Bb5 Nf6 4. Qe2 d6 5. d4 Bg4 6. d5 a6 7. Bxc6+ bxc6 8.
dxc6 Be7 9. h3 Bh5 10. c4 O-O 11. Nc3 Qe8 12. Nd5 Bd8 13. Bg5 Nxd5 14. Bxd8 Nf4
15. Qf1 Rxd8 16. g4 Bg6 17. Nd2 Qxc6 18. f3 Qb6 19. b3 Qe3+ 20. Kd1 d5 21. cxd5
c6 22. Qxa6 cxd5 23. Re1 Qd4 24. Qa5 Qxa1+ 0-1

[Event "4NCL Division 4 South"]
[Site "Daventry, ENG"]
[Date "2018.11.17"]
[Round "1.35"]
[White "Garnett, John S"]
[Black "Saxena, Kshitij"]
[Result "1-0"]
[WhiteElo "1990"]
[BlackElo "1502"]
[PlyCount "89"]
[EventDate "2018.11.17"]

1. d4 d5 2. c4 c6 3. Nf3 Nf6 4. Qc2 Bg4 5. Ne5 Bh5 6. e3 Nbd7 7. Nxd7 Qxd7 8.
Nc3 e6 9. Bd3 Bg6 10. b3 Bd6 11. Bb2 e5 12. cxd5 cxd5 13. Qe2 O-O 14. dxe5 Bxe5
15. O-O Rfe8 16. Bb5 Qf5 17. Bxe8 Bh5 18. f3 Rxe8 19. Nd1 d4 20. e4 Qg5 21. Qf2
Rd8 22. f4 Bxf4 23. Qxf4 Qc5 24. Rc1 Qb6 25. Qc7 d3+ 26. Qxb6 axb6 27. Bxf6
gxf6 28. Ne3 d2 29. Rcd1 Bxd1 30. Rxd1 Kf8 31. Kf2 Ke7 32. Nd5+ Ke6 33. Rxd2
Ke5 34. Ke3 Rg8 35. Nxb6 Rg4 36. Nc4+ Ke6 37. Kf3 Rh4 38. h3 Rh5 39. Rd6+ Ke7
40. Rb6 f5 41. Rxb7+ Kf6 42. e5+ Kg7 43. e6 Kf8 44. e7+ Ke8 45. Nd6# 1-0

[Event "4NCL Division 4 South"]
[Site "Daventry, ENG"]
[Date "2018.11.17"]
[Round "1.41"]
[White "Michaud, Gerald"]
[Black "Cooper, David M"]
[Result "1/2-1/2"]
[WhiteElo "1900"]
[BlackElo "2029"]
[PlyCount "91"]
[EventDate "2018.11.17"]

1. d4 d5 2. c4 c6 3. e3 Nf6 4. Nf3 Bf5 5. Nc3 e6 6. Qb3 Qc8 7. Be2 h6 8. O-O
Be7 9. Bd2 Nbd7 10. Rac1 O-O 11. h3 Re8 12. Ne5 Nxe5 13. dxe5 dxc4 14. Bxc4 Nd7
15. e4 Bg6 16. f4 Bc5+ 17. Kh1 b5 18. Bd3 Qd8 19. Qc2 f6 20. exf6 Nxf6 21. f5
exf5 22. exf5 Bf7 23. Ne4 Bd4 24. Nxf6+ Bxf6 25. Bc3 Bd5 26. Be2 Bxc3 27. bxc3
Qf6 28. c4 Be4 29. Bd3 Bxd3 30. Qxd3 a6 31. Qf3 Rac8 32. Rc2 Re5 33. cxb5 axb5
34. Re2 Rce8 35. Rxe5 Rxe5 36. g4 Rc5 37. Qe3 Rc3 38. Qe8+ Kh7 39. Kg2 Rc2+ 40.
Rf2 Rxf2+ 41. Kxf2 b4 42. Kf3 c5 43. Ke4 Qd4+ 44. Kf3 Qd3+ 45. Kf4 Qd4+ 46. Kf3
1/2-1/2

[Event "4NCL Division 4 South"]
[Site "Daventry, ENG"]
[Date "2018.11.17"]
[Round "1.42"]
[White "Patel, Devan"]
[Black "Finn, Thomas"]
[Result "1/2-1/2"]
[WhiteElo "1885"]
[BlackElo "1945"]
[PlyCount "133"]
[EventDate "2018.11.17"]

1. d4 d5 2. Nf3 Nf6 3. Bg5 e6 4. Nbd2 Be7 5. e3 Nbd7 6. c4 O-O 7. Bd3 c5 8. O-O
b6 9. a4 Bb7 10. Qe2 Rc8 11. Rfc1 Re8 12. a5 Ne4 13. Bxe7 Rxe7 14. axb6 axb6
15. Ra7 Bc6 16. Rca1 Rc7 17. h3 Rxa7 18. Rxa7 Qb8 19. Ra3 Qb7 20. Qf1 h6 21.
Qa1 Ndf6 22. Bxe4 dxe4 23. Ne5 Be8 24. Nb3 Qc7 25. Qd1 Nd7 26. Nxd7 Rxd7 27.
Ra8 Kf8 28. Qc2 Qc6 29. Ra6 Qb7 30. Ra3 cxd4 31. Nxd4 e5 32. Nb5 f5 33. Qc3
Rd1+ 34. Kh2 Qe7 35. Ra7 Rd7 36. Rxd7 Bxd7 37. Nc7 Qd6 38. Nd5 Be6 39. Qb4 Qxb4
40. Nxb4 Ke7 41. b3 $11 41... Kd6 42. Kg1 Kc5 43. Na6+ Kd6 44. Kf1 Bc8 45. Nb4
Kc5 46. Nc2 Be6 47. Ke2 b5 48. cxb5 Kxb5 49. h4 Bxb3 50. Ne1 Bc4+ 51. Kd2 Kc5
52. g3 $11 52... Bb5 53. Kc3 Kd5 54. Nc2 Be2 55. Nb4+ Kc5 56. Nc2 Bg4 57. Ne1
Kd5 58. Nc2 g5 59. hxg5 hxg5 60. Nb4+ Kc5 61. Na6+ Kd6 62. Nb4 Bh5 63. Nc2 Ke6
64. Ne1 f4 65. exf4 exf4 66. gxf4 gxf4 67. Kd4 1/2-1/2

[Event "4NCL Division 4 South"]
[Site "Daventry, ENG"]
[Date "2018.11.17"]
[Round "1.43"]
[White "Neale, George"]
[Black "Cundy, Mark A"]
[Result "1/2-1/2"]
[WhiteElo "1870"]
[BlackElo "1873"]
[PlyCount "50"]
[EventDate "2018.11.17"]
[WhiteTeam "Sussex Martlets 3"]
[BlackTeam "Warwickshire Select 2"]

1. d4 f5 2. c4 Nf6 3. Nc3 g6 4. g3 Bg7 5. Bg2 O-O 6. e3 d6 7. Nge2 c6 8. O-O e5
9. Re1 Na6 10. a3 Nc7 11. b4 e4 12. Rb1 Be6 13. c5 g5 14. Qc2 d5 15. b5 Nce8
16. Bd2 Nh5 17. bxc6 bxc6 18. Qa4 Qc7 19. Rb4 Bh6 20. Reb1 Bc8 21. Qb3 Nef6 22.
Rb8 Ba6 23. Rxf8+ Rxf8 24. Qa4 Bc8 25. Qb3 Ba6 1/2-1/2

[Event "4NCL Division 4 South"]
[Site "Daventry, ENG"]
[Date "2018.11.17"]
[Round "1.44"]
[White "Ali, Golam S"]
[Black "Finn, Daniel"]
[Result "1/2-1/2"]
[WhiteElo "1859"]
[BlackElo "1810"]
[PlyCount "103"]
[EventDate "2018.11.17"]
[WhiteTeam "Warwickshire Select 2"]
[BlackTeam "Sussex Martlets 3"]

1. Nf3 d5 2. g3 Nf6 3. Bg2 Bf5 4. O-O e6 5. d4 Bd6 6. Nc3 h6 7. Re1 O-O 8. Ne5
c6 9. f3 Bh7 10. e4 dxe4 11. f4 Nbd7 12. Qe2 Nb6 13. Nxe4 Nxe4 14. Bxe4 Bxe4
15. Qxe4 Qc7 16. c4 c5 17. b3 Rad8 18. Bb2 Nd7 19. d5 exd5 20. cxd5 Nf6 21. Qf3
Be7 22. Rad1 Rfe8 23. g4 Nh7 24. Qe4 Bh4 25. Re3 f6 26. d6 Rxd6 27. Qc4+ Ree6
28. Rxd6 Qxd6 29. Rd3 Qa6 30. Rd8+ Nf8 31. Qxa6 bxa6 32. Nf3 Be1 33. Nxe1 Rxe1+
34. Kf2 Rh1 35. Ba3 Rxh2+ 36. Kg3 Rc2 37. Rc8 Kf7 38. f5 Nd7 39. Rc7 Ke8 40.
Rxa7 Rxa2 41. Rxa6 Rc2 42. Kh4 Rh2+ 43. Kg3 Rc2 44. Ra8+ Kf7 45. Rd8 Ke7 46.
Rc8 Rc3+ 47. Kh4 Rxb3 48. Bxc5+ Nxc5 49. Rxc5 Kf7 50. Rc7+ Kg8 51. Kh5 Kh7 52.
Kh4 1/2-1/2

[Event "4NCL Division 4 South"]
[Site "Daventry, ENG"]
[Date "2018.11.17"]
[Round "1.45"]
[White "Woods, Timothy J"]
[Black "Dicen, Imogen"]
[Result "0-1"]
[WhiteElo "1697"]
[BlackElo "1750"]
[PlyCount "66"]
[EventDate "2018.11.17"]
[WhiteTeam "Sussex Martlets 3"]
[BlackTeam "Warwickshire Select 2"]

1. e4 c5 2. Nf3 Nc6 3. d4 cxd4 4. Nxd4 d6 5. Nc3 g6 6. Be3 Bg7 7. Qd2 a6 8. f3
Bd7 9. Bc4 Nf6 10. O-O-O b5 11. Bb3 O-O 12. h4 h5 13. Kb1 Nxd4 14. Bxd4 a5 15.
g4 a4 16. Bd5 Nxd5 17. Bxg7 Kxg7 18. Nxd5 Rh8 19. g5 Re8 20. Qd4+ Kh7 21. Nb6
Ra6 22. Nxd7 Qxd7 23. Qb4 Qc6 24. Rd5 Rb6 25. Rhd1 Rc8 26. c3 Qb7 27. Qd4 b4
28. c4 b3 29. a3 Rbc6 30. Rc1 Qa6 31. Qd3 Rxc4 32. Rxc4 Rxc4 33. Rd4 Rxd4 0-1

[Event "4NCL Division 4 South"]
[Site "Daventry, ENG"]
[Date "2018.11.17"]
[Round "1.46"]
[White "Sandhu, Manvith"]
[Black "Stewart, Lilya"]
[Result "0-1"]
[WhiteElo "1645"]
[BlackElo "1517"]
[PlyCount "52"]
[EventDate "2018.11.17"]
[WhiteTeam "Warwickshire Select 2"]
[BlackTeam "Sussex Martlets 3"]

1. e4 c5 2. Nf3 Nc6 3. Bb5 g6 4. c3 Bg7 5. O-O Nf6 6. e5 Nd5 7. Bxc6 dxc6 8. d4
cxd4 9. cxd4 O-O 10. Nc3 Bg4 11. h3 Bf5 12. Nxd5 Qxd5 13. Nh4 Be6 14. Be3 f6
15. exf6 Bxf6 16. Nf3 Rad8 17. Qa4 Bxh3 18. Qxa7 Bxg2 19. Kxg2 Bxd4 20. Bxd4
Qxf3+ 21. Kh2 Rf4 22. Bf6 exf6 23. Qa4 Rxa4 24. b4 Rd4 25. Rfe1 Qxf2+ 26. Kh3
Rh4# 0-1

[Event "4NCL Division 4 South"]
[Site "Daventry, ENG"]
[Date "2018.11.17"]
[Round "1.51"]
[White "Cooksey, Paul S"]
[Black "Ogunshola, Ben"]
[Result "1/2-1/2"]
[WhiteElo "2279"]
[BlackElo "2169"]
[PlyCount "77"]
[EventDate "2018.11.17"]
[WhiteTeam "Crowthorne 1"]
[BlackTeam "The Pitstop"]

1. c4 Nf6 2. Nf3 g6 3. Nc3 Bg7 4. g3 O-O 5. Bg2 d6 6. d4 Nc6 7. O-O Rb8 8. b3
a6 9. Nd5 Bg4 10. Nxf6+ Bxf6 11. Bb2 Qc8 12. Qd2 Qf5 13. d5 Bxf3 14. Bxf3 Bxb2
15. Qxb2 Qe5 16. Qd2 Nd4 17. Rad1 Nxf3+ 18. exf3 Rfe8 19. Kg2 Qf6 20. Rfe1 Rbc8
21. Re4 e5 22. Qc3 Qe7 23. f4 f5 24. Re3 e4 25. h4 Qg7 26. Qc2 a5 27. c5 b6 28.
c6 h5 29. Kg1 Re7 30. Qc4 Qb2 31. Rde1 Rce8 32. R1e2 Qf6 33. Kh2 Kf8 34. a3 Kf7
35. Ra2 Ra8 36. Re1 Qh8 37. Kg1 Qf6 38. Kf1 Qh8 39. Kg1 1/2-1/2

[Event "4NCL Division 4 South"]
[Site "Daventry, ENG"]
[Date "2018.11.17"]
[Round "1.52"]
[White "Froom, Oliver"]
[Black "Webb, Richard M"]
[Result "0-1"]
[WhiteElo "1958"]
[BlackElo "2210"]
[PlyCount "102"]
[EventDate "2018.11.17"]
[WhiteTeam "The Pitstop"]
[BlackTeam "Crowthorne 1"]

1. e4 c5 2. Nc3 Nc6 3. g3 g6 4. Bg2 Bg7 5. d3 d6 6. Be3 e5 7. Nge2 Nge7 8. O-O
O-O 9. Qd2 Be6 10. Bh6 Qd7 11. Bxg7 Kxg7 12. f4 f6 13. Rf2 Nd4 14. Raf1 Nxe2+
15. Qxe2 Rae8 16. f5 Bg8 17. h4 d5 18. g4 d4 19. Nd1 gxf5 20. gxf5 Kh8 21. b3
Bf7 22. Bf3 Rg8+ 23. Rg2 Rxg2+ 24. Kxg2 Rg8+ 25. Kh2 Qe8 26. Rg1 Nc6 27. a3
Rxg1 28. Kxg1 Qf8 29. Qd2 Qg7+ 30. Kh2 Kg8 31. Qg2 b5 32. Nf2 Qxg2+ 33. Kxg2 c4
34. bxc4 bxc4 35. dxc4 Bxc4 36. Nd1 Na5 37. Nb2 Bb5 38. Kf2 Kf7 39. Ke1 Ke7 40.
Bh5 Nb7 41. Nd3 Bc6 42. Bf3 Nd6 43. Nb4 Bxe4 44. Bxe4 Nxe4 45. Nc6+ Kd7 46.
Nxa7 Nd6 47. Kd2 Kc7 48. a4 Kb6 49. Nb5 Nxb5 50. axb5 Kxb5 51. h5 e4 0-1

[Event "4NCL Division 4 South"]
[Site "Daventry, ENG"]
[Date "2018.11.17"]
[Round "1.53"]
[White "Coates, Kenneth G"]
[Black "Carter, John P"]
[Result "1-0"]
[WhiteElo "2078"]
[BlackElo "1877"]
[PlyCount "133"]
[EventDate "2018.11.17"]
[WhiteTeam "Crowthorne 1"]
[BlackTeam "The Pitstop"]

1. d4 Nf6 2. Nf3 g6 3. Nc3 d5 4. Bf4 Bg7 5. Qd2 O-O 6. Bh6 c5 7. Bxg7 Kxg7 8.
e3 cxd4 9. exd4 Nc6 10. Be2 Ne4 11. Qe3 Qa5 12. O-O Bf5 13. Nxe4 Bxe4 14. c3
Rae8 15. Rfe1 Qb6 16. Qd2 Bxf3 17. Bxf3 e6 18. g3 Qc7 19. Kg2 Ne7 20. h4 h5 21.
Re2 Nf5 22. Rae1 Nd6 23. Qf4 Nb5 24. Qg5 Qd8 25. Qe5+ f6 26. Qf4 e5 27. dxe5
fxe5 28. Qb4 e4 29. Bxe4 Rxe4 30. Qxb5 Rxe2 31. Qxe2 Qb6 32. Qe5+ Rf6 33. Re2
Qc6 34. Qd4 Kf7 35. Re5 Rd6 36. b4 b6 37. Re3 Re6 38. Rxe6 Qxe6 39. a4 Qe4+ 40.
Qxe4 dxe4 41. f4 Ke6 42. c4 a5 43. bxa5 bxa5 44. Kf2 Kd6 45. Ke3 Kc5 46. Kxe4
Kxc4 47. Ke5 Kb4 48. Kf6 Kxa4 49. Kxg6 Kb3 50. f5 a4 51. f6 a3 52. f7 a2 53.
f8=Q a1=Q 54. Qf3+ Kc4 55. Kxh5 Qh8+ 56. Kg4 Qc8+ 57. Qf5 Qg8+ 58. Kf4 Qg7 59.
h5 Qh6+ 60. Kg4 Qg7+ 61. Kh3 Qb7 62. g4 Qh1+ 63. Kg3 Qg1+ 64. Kh4 Qe3 65. Qf7+
Kb5 66. Qf6 Kc5 67. Qg5+ 1-0

[Event "4NCL Division 4 South"]
[Site "Daventry, ENG"]
[Date "2018.11.17"]
[Round "1.54"]
[White "Olufemi, George"]
[Black "Purdon, Colin"]
[Result "0-1"]
[WhiteElo "1766"]
[BlackElo "2053"]
[PlyCount "56"]
[EventDate "2018.11.17"]
[WhiteTeam "The Pitstop"]
[BlackTeam "Crowthorne 1"]

1. e4 c6 2. d3 d5 3. Nd2 e5 4. Ngf3 Bd6 5. g3 Nf6 6. Bg2 O-O 7. O-O Qc7 8. exd5
cxd5 9. c4 Bf5 10. Qb3 Nbd7 11. Ne1 e4 12. cxd5 Nc5 13. Qc4 exd3 14. b3 Be5 15.
Rb1 Rac8 16. Nef3 Nce4 17. Qb5 Nc3 18. d6 Nxb5 19. dxc7 Bxc7 20. Nh4 Bg4 21.
Bxb7 Rb8 22. Bg2 Nc3 23. Ba3 Nxb1 24. Rxb1 Rfe8 25. h3 Bh5 26. Bf1 Rbd8 27. Nf5
Rd7 28. Bc5 Re5 0-1

[Event "4NCL Division 4 South"]
[Site "Daventry, ENG"]
[Date "2018.11.17"]
[Round "1.55"]
[White "Tart, Peter K"]
[Black "Fernando, Manel"]
[Result "1-0"]
[WhiteElo "1939"]
[BlackElo "1557"]
[PlyCount "61"]
[EventDate "2018.11.17"]
[WhiteTeam "Crowthorne 1"]
[BlackTeam "The Pitstop"]

1. e4 e5 2. Nf3 Nc6 3. Bb5 d6 4. d4 exd4 5. Nxd4 Bd7 6. O-O Be7 7. Nc3 Nf6 8.
Be3 O-O 9. Nxc6 bxc6 10. Bc4 c5 11. Qe2 Rb8 12. b3 Ng4 13. Rad1 Ne5 14. Bb5 c6
15. Ba4 Qc7 16. h3 Be6 17. f4 Qa5 18. Bd2 Qc7 19. fxe5 dxe5 20. Qf2 c4 21. Be3
Rb7 22. Bc5 cxb3 23. Bxb3 Bxb3 24. axb3 Qa5 25. Na4 f6 26. Bxe7 Rxe7 27. Rd6
Rc8 28. Qc5 Qa6 29. Rdxf6 gxf6 30. Qxe7 Rf8 31. Rf3 1-0

[Event "4NCL Division 4 South"]
[Site "Daventry, ENG"]
[Date "2018.11.17"]
[Round "1.56"]
[White "Sloan, Hamish"]
[Black "Gnanagurusamy, Ganeshbabu"]
[Result "0-1"]
[WhiteElo "1520"]
[BlackElo "1892"]
[PlyCount "53"]
[EventDate "2018.11.17"]
[WhiteTeam "The Pitstop"]
[BlackTeam "Crowthorne 1"]

1. e4 e5 2. Nf3 Nc6 3. Bb5 a6 4. Ba4 Nf6 5. O-O Be7 6. Re1 b5 7. Bb3 d6 8. c3
O-O 9. h3 Na5 10. Bc2 c5 11. d4 Qc7 12. d5 c4 13. Be3 Nb7 14. a4 Bd7 15. Nbd2
Nc5 16. Bxc5 Qxc5 17. Nf1 g6 18. Qd2 Rfe8 19. Qe3 Qxe3 20. Rxe3 Nh5 21. g4 Nf4
22. Ng3 Nxh3+ 23. Kh2 Bxg4 24. Ng1 Nf4 25. f3 Bd7 26. N1e2 Bg5 27. Nxf4 0-1

[Event "4NCL Division 4 South"]
[Site "Daventry, ENG"]
[Date "2018.11.17"]
[Round "1.61"]
[White "O'Byrne, Daniel"]
[Black "Wilks, Simon"]
[Result "0-1"]
[WhiteElo "1742"]
[BlackElo "2102"]
[PlyCount "164"]
[EventDate "2018.11.17"]
[WhiteTeam "Check Innmates 3"]
[BlackTeam "All Anands on Deck"]

1. d4 e6 2. c4 Nf6 3. Nc3 Bb4 4. a3 Bxc3+ 5. bxc3 c5 6. f3 b6 7. e4 O-O 8. Bg5
d6 9. Bd3 Nc6 10. Ne2 Ba6 11. O-O e5 12. d5 Na5 13. Ng3 h6 14. Bxf6 Qxf6 15.
Qe2 g6 16. Rac1 Rae8 17. Rf2 Qf4 18. Rcf1 Kg7 19. Re1 Bc8 20. Nf1 Qg5 21. Qe3
Qxe3 22. Rxe3 f5 23. Nd2 f4 24. Re1 g5 25. g4 fxg3 26. hxg3 Rf6 27. Bf1 Ref8
28. Bg2 Ba6 29. Bf1 g4 30. Re3 gxf3 31. Kh2 h5 32. Bd3 Kh6 33. Kg1 Kg6 34. Kh2
R8f7 35. Kg1 Kh6 36. Kh2 Kh7 37. Kg1 Kg7 38. Kh2 Bc8 39. Rexf3 Bg4 40. Rxf6
Rxf6 41. Rxf6 Kxf6 42. Kg2 Kg5 43. Nf1 Nb3 44. Kf2 Na5 45. Ne3 Bd7 46. Kf3 Nb7
47. Ng2 Nd8 48. Ne3 Nf7 49. Kf2 Nh6 50. Ng2 Ng4+ 51. Kf3 Nf6 52. Ne3 Bg4+ 53.
Kf2 h4 54. gxh4+ Kxh4 55. Ng2+ Kg5 56. Ne3 Bd7 57. Kf3 Ng4 58. Ng2 Be8 59. Ne3
Nxe3 60. Kxe3 Kg4 61. Be2+ Kg3 62. Bf3 Ba4 63. Be2 Bb3 64. Bf1 Ba2 65. Bd3 Kg2
66. Ke2 Bb3 67. Ke3 Bd1 68. Kd2 Bh5 69. Ke3 Bg4 70. Bc2 Kf1 71. Kd2 Kf2 72. Bd3
Bh5 73. a4 Bg6 74. Bc2 Kf3 75. Bd1+ Kf4 76. Bb3 Bxe4 77. Bd1 Bb1 78. Bb3 Kf3
79. Kc1 Bf5 80. Kd2 Kf2 81. Bd1 e4 82. Bh5 e3+ 0-1

[Event "4NCL Division 4 South"]
[Site "Daventry, ENG"]
[Date "2018.11.17"]
[Round "1.62"]
[White "Waller, Dan"]
[Black "Usharovsky, Ron"]
[Result "1-0"]
[WhiteElo "2117"]
[BlackElo "1742"]
[PlyCount "45"]
[EventDate "2018.11.17"]
[WhiteTeam "All Anands on Deck"]
[BlackTeam "Check Innmates 3"]

1. e4 c6 2. d4 d5 3. e5 Bf5 4. h4 h6 5. g4 Bh7 6. e6 fxe6 7. Bd3 Nf6 8. Bxh7
Rxh7 9. Qd3 Na6 10. Nf3 Ne4 11. c3 Qd6 12. Ne5 g6 13. f3 Bg7 14. Bf4 Nb4 15.
cxb4 Qxb4+ 16. Nd2 Nf6 17. a3 Qb6 18. Qxg6+ Kd8 19. Qd3 Qb5 20. Qxb5 cxb5 21.
Ke2 Nd7 22. Nb3 b6 23. Rac1 1-0

[Event "4NCL Division 4 South"]
[Site "Daventry, ENG"]
[Date "2018.11.17"]
[Round "1.63"]
[White "Usharovsky, Tom"]
[Black "Penna, Tommaso"]
[Result "0-1"]
[WhiteElo "1630"]
[BlackElo "1956"]
[PlyCount "66"]
[EventDate "2018.11.17"]
[WhiteTeam "Check Innmates 3"]
[BlackTeam "All Anands on Deck"]

1. c4 c6 2. Nc3 d5 3. cxd5 cxd5 4. d4 Nf6 5. g3 Nc6 6. Bg2 e6 7. e3 Be7 8. Nge2
O-O 9. O-O a6 10. a3 Bd7 11. b4 Rc8 12. Bb2 Be8 13. Rc1 Nd7 14. Na4 Nb6 15.
Nxb6 Qxb6 16. Nc3 Na7 17. Na4 Bxa4 18. Qxa4 Nb5 19. Rc2 Nd6 20. Rfc1 Nc4 21.
Qb3 Qc6 22. Qa2 b5 23. f3 f5 24. Kf2 Qe8 25. h4 Bd6 26. f4 h6 27. Rh1 Nxe3 28.
Rxc8 Ng4+ 29. Ke1 Qxc8 30. Bxd5 exd5 31. Qxd5+ Kh7 32. Qxd6 Qc2 33. Qxf8 Qf2+
0-1

[Event "4NCL Division 4 South"]
[Site "Daventry, ENG"]
[Date "2018.11.17"]
[Round "1.64"]
[White "Cavendish, Joshua Z"]
[Black "Headlong, Georgia"]
[Result "1-0"]
[WhiteElo "1937"]
[BlackElo "1585"]
[PlyCount "75"]
[EventDate "2018.11.17"]
[WhiteTeam "All Anands on Deck"]
[BlackTeam "Check Innmates 3"]

1. e4 e5 2. Nf3 Nf6 3. Nc3 Nc6 4. d4 exd4 5. Nxd4 Bb4 6. Nxc6 bxc6 7. Bd3 d5 8.
exd5 cxd5 9. O-O O-O 10. Bg5 c6 11. Qf3 h6 12. Bxf6 Qxf6 13. Qxf6 gxf6 14. Ne2
Re8 15. a3 Bd6 16. Nd4 Bd7 17. Rfe1 Be5 18. c3 Rab8 19. Rab1 Kf8 20. g3 Bd6 21.
Rxe8+ Rxe8 22. Bf5 Bxf5 23. Nxf5 Bc5 24. Kf1 h5 25. Re1 Rxe1+ 26. Kxe1 Ke8 27.
Ng7+ Ke7 28. Nxh5 Ke6 29. Ke2 Kf5 30. Nf4 Kg4 31. h3+ Kg5 32. Nd3 Bd6 33. Nb4
Bxb4 34. axb4 f5 35. f4+ Kf6 36. Ke3 Ke6 37. Kd4 Kd6 38. h4 1-0

[Event "4NCL Division 4 South"]
[Site "Daventry, ENG"]
[Date "2018.11.17"]
[Round "1.65"]
[White "Cook, Brian"]
[Black "Jones, Tibor"]
[Result "0-1"]
[WhiteElo "1628"]
[BlackElo "1945"]
[PlyCount "96"]
[EventDate "2018.11.17"]
[WhiteTeam "Check Innmates 3"]
[BlackTeam "All Anands on Deck"]

1. Nc3 c5 2. e4 a6 3. f4 e6 4. Nf3 b5 5. b3 Bb7 6. d3 Nf6 7. Bb2 Be7 8. Ne2 O-O
9. Ng3 d5 10. Bxf6 Bxf6 11. e5 Be7 12. Be2 Nc6 13. O-O Nd4 14. c3 Nxe2+ 15.
Qxe2 Qb6 16. c4 Rfd8 17. Nh5 Rd7 18. g4 dxc4 19. dxc4 bxc4 20. bxc4 Rad8 21.
Rfd1 Qc6 22. Rxd7 Rxd7 23. Kf2 Qa4 24. Ng3 Qa3 25. Ne1 Qc3 26. Rd1 Rxd1 27.
Qxd1 Qxc4 28. Qd7 Qd4+ 29. Qxd4 cxd4 30. Ne2 Bc5 31. Nd3 Bb6 32. Nec1 Bd5 33.
Ke2 f6 34. Kf2 Kf7 35. Kg3 Ba5 36. Nb3 Bc3 37. Nbc5 a5 38. a3 Bc6 39. h4 a4 40.
f5 exf5 41. e6+ Ke7 42. gxf5 g6 43. fxg6 hxg6 44. Kg4 Bd2 45. Nf4 Bxf4 46. Kxf4
Kd6 47. h5 gxh5 48. Kf5 Kxc5 0-1

[Event "4NCL Division 4 South"]
[Site "Daventry, ENG"]
[Date "2018.11.17"]
[Round "1.66"]
[White "Napolitano, Domenico"]
[Black "Ashraf, Zoha"]
[Result "1-0"]
[WhiteElo "1472"]
[BlackElo "1517"]
[PlyCount "89"]
[EventDate "2018.11.17"]
[WhiteTeam "All Anands on Deck"]
[BlackTeam "Check Innmates 3"]

1. e4 e6 2. Qe2 d5 3. exd5 Nf6 4. c4 Be7 5. Nc3 c6 6. g3 O-O 7. dxc6 Nxc6 8.
Nf3 Bd6 9. d3 e5 10. Bg5 Re8 11. Nd5 Be7 12. Nxe7+ Qxe7 13. Bg2 h6 14. Bxf6
Qxf6 15. O-O Bf5 16. Nh4 Nd4 17. Qd2 Rab8 18. Nxf5 Qxf5 19. f4 Qg6 20. Rae1
exf4 21. Qxf4 Ne2+ 22. Rxe2 Rxe2 23. Qxb8+ Kh7 24. Be4 Rxe4 25. dxe4 Qb6+ 26.
Rf2 a5 27. Qf4 f6 28. c5 Qxc5 29. Qf5+ Qxf5 30. Rxf5 a4 31. Rb5 g5 32. Rxb7+
Kg6 33. Ra7 f5 34. exf5+ Kxf5 35. Rxa4 h5 36. b4 h4 37. gxh4 gxh4 38. b5 Kg5
39. b6 Kh5 40. b7 Kg5 41. b8=Q Kh5 42. Qb5+ Kg6 43. Ra6+ Kf7 44. Qb7+ Ke8 45.
Ra8# 1-0

[Event "4NCL Division 4 South"]
[Site "Daventry, ENG"]
[Date "2018.11.17"]
[Round "1.71"]
[White "Elwin, Adrian G"]
[Black "Lightfoot, Malcolm J"]
[Result "1-0"]
[WhiteElo "1979"]
[BlackElo "1860"]
[PlyCount "57"]
[EventDate "2018.11.17"]
[WhiteTeam "MK Phoenix 2"]
[BlackTeam "Iceni 3"]

1. d4 Nf6 2. c4 g6 3. Nc3 d5 4. Nf3 Bg7 5. Qb3 dxc4 6. Qxc4 O-O 7. e4 Nc6 8.
Bf4 Nd7 9. Rd1 Nb6 10. Qd3 Bg4 11. d5 Bxf3 12. Qxf3 Nd4 13. Qd3 f5 14. e5 c5
15. dxc6 Nxc6 16. Qe3 Qc8 17. Bb5 Qe6 18. O-O Rad8 19. b3 Kh8 20. Bg3 h6 21. f4
Rxd1 22. Rxd1 Nd8 23. h4 a6 24. Be2 Qc6 25. Bf3 Qc7 26. Bf2 Nc8 27. Nd5 Qb8 28.
Nb6 Nxb6 29. Qxb6 1-0

[Event "4NCL Division 4 South"]
[Site "Daventry, ENG"]
[Date "2018.11.17"]
[Round "1.72"]
[White "Jones, Robert L"]
[Black "Valentine, Brian J"]
[Result "0-1"]
[WhiteElo "1822"]
[BlackElo "1951"]
[PlyCount "48"]
[EventDate "2018.11.17"]
[WhiteTeam "Iceni 3"]
[BlackTeam "MK Phoenix 2"]

1. e4 e5 2. Nf3 Nc6 3. d4 exd4 4. Bc4 Nf6 5. O-O Bc5 6. e5 d5 7. exf6 dxc4 8.
Re1+ Be6 9. Ng5 Qd5 10. Nc3 Qf5 11. Nce4 Bb6 12. g4 Qg6 13. Nxe6 fxe6 14. f7+
Kd7 15. Ng5 e5 16. Qf3 h6 17. Ne4 Raf8 18. Nd2 Qe6 19. Qe2 Rxf7 20. Nxc4 Rhf8
21. Nxb6+ axb6 22. f4 Qd5 23. fxe5 Nxe5 24. Qxe5 Rf1+ 0-1

[Event "4NCL Division 4 South"]
[Site "Daventry, ENG"]
[Date "2018.11.17"]
[Round "1.73"]
[White "Adebajo, Olufemi"]
[Black "John, Adam"]
[Result "1-0"]
[WhiteElo "1921"]
[BlackElo "1653"]
[PlyCount "51"]
[EventDate "2018.11.17"]
[WhiteTeam "MK Phoenix 2"]
[BlackTeam "Iceni 3"]

1. e4 e6 2. d4 d5 3. e5 c5 4. c3 Nc6 5. Nf3 Bd7 6. dxc5 Bxc5 7. Bd3 Qc7 8. Qe2
Nge7 9. b4 Bb6 10. O-O a6 11. a4 a5 12. b5 Na7 13. Ba3 Nac8 14. Nbd2 Ng6 15. g3
Nce7 16. c4 Bc5 17. Bxc5 Qxc5 18. cxd5 exd5 19. Ng5 h6 20. e6 fxe6 21. Nxe6
Bxe6 22. Qxe6 Nf8 23. Qe5 Kf7 24. Ne4 Qb6 25. Nd6+ Kg8 26. Qxe7 1-0

[Event "4NCL Division 4 South"]
[Site "Daventry, ENG"]
[Date "2018.11.17"]
[Round "1.75"]
[White "Whiteside, Robert"]
[Black "Rowles, Sarah"]
[Result "1-0"]
[WhiteElo "1800"]
[BlackElo "1507"]
[PlyCount "41"]
[EventDate "2018.11.17"]
[WhiteTeam "MK Phoenix 2"]
[BlackTeam "Iceni 3"]

1. e4 c5 2. d4 cxd4 3. c3 Nf6 4. e5 Nd5 5. cxd4 d6 6. Nf3 dxe5 7. dxe5 e6 8.
Be2 Nc6 9. O-O Qc7 10. Re1 Bb4 11. Bd2 Bxd2 12. Nbxd2 O-O 13. Rc1 Rd8 14. Qa4
Bd7 15. Qh4 Be8 16. Ne4 Qe7 17. Qg3 Rac8 18. Bc4 Nb6 19. Nf6+ Kh8 20. Nxh7 Bd7
21. Nhg5 1-0